| 000 | 02252nam a2200133Ia 4500 | ||
|---|---|---|---|
| 008 | 220615s9999||||xx |||||||||||||| ||und|| | ||
| 020 | _a9783040000000 | ||
| 245 | 0 | _aMathematical Modeling and Simulation in Mechanics and Dynamic Systems | |
| 546 | _aEnglish[eng] | ||
| 650 | _aT-stress||X-FEM||notch||pipe||stress difference method (SDM)||system of transcendental equation||computational solutions||code-based modelling approach||numerical analysis||Sine-Gordon equations||photovoltaics||thermophotovoltaics||solar energy||polymer CNTs systems||interphase section||percolation onset||mechanics||high temperature proton exchange membrane fuel cell||exergy analysis||ecological analysis||ecological coefficient of performance||SARS-CoV-2||COVID-19||SEIRD (Susceptible, Exposed, Infected and Recovered and Death)||SDL||Catalonia||nanowire cantilever||stochastic model||double Lorentzian spectrum||HT-PEMFC||irreversibility||finite time thermodynamic optimization||power density||thermodynamic efficiency||geometric analogy||similarity theory||dimensional analysis||model law||heat transfer||straight bar||Deep Learning (DL)||Computational Fluid Dynamics (CFD)||Artificial Neural Network (ANN)||Convolutional Neural Network (CNN)||turbulent flow||machine learning||deep learning||artificial neural network||ANN||PEM fuel cell||modeling||control||differentiability||fractal hydrodynamic regimes||fractal Schrödinger regimes||fractal soliton||fractal kink||“holographic implementationsâ€||cubics||apolar transport||harmonic mapping principle||period doubling scenario||state probability functions||partial aging in standby||Monte Carlo simulation||qualitative and quantitative verification of simulation model||Lagrange–d’Alembert principle||non-conservative dynamical system||Euler–Poincaré equation||helicopter model||Lie group||extended iso-geometric analysis||extended finite element method||crack||pipeline||ABAQUS||harmonic mapping||complex system dynamics||SL (2R) group||hidden symmetries||computer simulations||actual systems||transfer learning||autonomous feature extraction||n/a | ||
| 700 | _aScutaru, Maria Luminița||Pruncu, Catalin I. | ||
| 856 | _uhttps://mdpi.com/books/pdfview/book/5367 | ||
| 942 | _cEB | ||
| 999 |
_c9578 _d9578 |
||